Statistiken für Allgemeinwissen - schwer #2

Klicken Sie hier um das Quiz zu spielen!

Allgemein

  • Dieses Quiz wurde 403 mal gespielt
  • Das Durchschnittsergebnis liegt bei 3 aus 20

Antwortstatistiken

HintAntwort% Korrekt
Was ist das Ergebnis von 7³?343
71%
Was ist das Ergebnis von 3⁷?2187
44%
Im welchem Jahr wurde die Bundeswehr gegründet?1955
38%
Was ist das Ergebnis von 7!?5040
38%
Welche Kampfkunst könnte man als brasilianischen Tanzkampf bezeichnen?Capoeira
25%
Wie nennt man die Kamelart, welche genau zwei Höcker hat?Trampeltier
20%
Wessen Frau wurde in eine Salzsäule verwandelt?Lots Frau
13%
Was ist der Schmelzpunkt von Helium (In °C)?-273
7%
Was ist der Siedepunkt von Helium (In °C)?-269
6%
Welche antike Sprache war die erste, die ein Alphabet erfand?Phönizisch
6%
Im welchem Jahr wurde Helium entdeckt?1868
4%
e mit den ersten 10 Nachkommastellen2,7182818284
4%
Was ist die Hauptstadt von Saskatchewan?Regina
4%
Welches Fürstengeschlecht gründete u.a. Bern und Freiburg im Breisgau?Zähringer
4%
Wer sendete ein Telegramm aus Kitty Hawk im Jahre 1903?Orville Wright
2%
Welcher Kunstrichtung gehörte Jackson Pollock an?Abstrakter Expressionismus
1%
Welcher mexikanische General schlug die Texaner am Alamo?Antonio López de Santa Anna
1%
Welcher Fluss grenzt an Louisville, Kentucky?Ohio Fluss
1%
Was ist die Dichte von Helium (In g/cm³ auf die 5 Nachkommastellen gerundet)?0,00018
0%
Wie buchstabiert man die Wörter "Pig Latin" im Pig Latin?Igpay Atinlay
0%

Verteilung der Resultate

Perzentil nach korrekt beantworteten Fragen

Anzahl Personen mit jedem Resultat

Ihre Resultats-Entwicklung

Sie haben dieses Quiz noch nicht gespielt